Effect of planting density on growth, yield, yield related factors and profitability of rubber (Hevea brasiliensis) Muell. Arg. (Record no. 58037)

MARC details
000 -LEADER
fixed length control field 00592nam a2200181Ia 4500
100 ## - MAIN ENTRY--AUTHOR NAME
Personal name Rodrigo V H L
245 #0 - TITLE STATEMENT
Title Effect of planting density on growth, yield, yield related factors and profitability of rubber (Hevea brasiliensis) Muell. Arg.
260 ## - PUBLICATION, DISTRIBUTION, ETC. (IMPRINT)
Name of publisher Journal of the Rubber Research Institute of Sri Lanka
Year of publication 1995
300 ## - PHYSICAL DESCRIPTION
Number of Pages 55-71
700 ## - ADDED ENTRY--PERSONAL NAME
Personal name Kodikara P B
700 ## - ADDED ENTRY--PERSONAL NAME
Personal name Nugawela A
700 ## - ADDED ENTRY--PERSONAL NAME
Personal name Pathirathne L S S
700 ## - ADDED ENTRY--PERSONAL NAME
Personal name Samaranayake A C I
700 ## - ADDED ENTRY--PERSONAL NAME
Personal name Waidyanatha U P de S
700 ## - ADDED ENTRY--PERSONAL NAME
Personal name Weeralal J L K
942 ## - ADDED ENTRY ELEMENTS (KOHA)
Koha item type Journals
Holdings
Withdrawn status Lost status Damaged status Not for loan Home library Current library Shelving location Date acquired Serial Enumeration / chronology Koha item type
      Journals RRII Library RRII Library Physiology 17/12/2021 Volume 76, Issue Journals